Quizzes
Events
Quiz Creation
Community
Videos
Private Events
Remove Ads
Sign In
Join for FREE
Feedback
Dark Mode
Quiz Categories
Sports
Geography
Music
Movies
Television
Just For Fun
Miscellaneous
History
Literature
Language
Science
Gaming
Entertainment
Religion
Holiday
For Kids
Quiz Lab
Recent
Popular Today
Quiz Kudos Today
Editor Picks
Curator Picks
Quizzes by...
Day
Popularity
Type
Ratings
Length
Year
Community
Subscriptions
Recent Discussions
Orange Saloon
Badges
Playlists
Quests
Create
Leaderboards
Showdown
Live 5
Trivia Bingo
Activity
Puzzle Library
Sporcle Events
Private Events
Virtual Trivia
Globe League
Become a Host
Pub Owners
SporcleCon
Opinionation
Our Games
Videos
Blog
Mobile Apps
Partnerships
Remove Ads and Go Orange
Feedback
Gaming
Video Games
Board Games
Card Games
Pokémon
Mario
Nintendo
Minecraft
Console
Toys
Legend of Zelda
Gaming
Video Games
Board Games
Card Games
Pokémon
Mario
Nintendo
Minecraft
Console
Toys
Legend of Zelda
Random Quiz
Search Sporcle
×
Quiz Lab
Quiz Lab
Gaming
breath
Type in answers that appear in a list
Type in answers that appear in a list
Classic
Best Score? Go Orange.
Legend of Zelda Breath of the Wild Armor Stats
Can you name all the armor and clothing that appears in the Legend of Zelda Breath of the Wild?
By
bowserjrdood
14m
62 Questions
378 Plays
378 Plays
378 Plays
Comments
Comments
Give Quiz Kudos
Give Quiz Kudos
-
- Ratings
hide this ad
Replay
Link that replays current quiz
Next Quiz
Link to next quiz in quiz playlist
You Got
0%
They Got
Avg Score
59%
Avg Friend Score
Upgrade to see
Score Distribution
Jump to the score distribution portion of the page
Score
0/62
Timer
14:00
0
Plays Today
Type
% Correct
Armor Set Legs
Hylian Trousers
77.2%
Armor Set Chest
Hylian Tunic
75.9%
Armor Set Chest
Zora Armor
74.6%
Armor Set Head
Hylian Hood
74.3%
Armor Set Head
Zora Helm
73.8%
No Set
Old Shirt
69%
Armor Set Legs
Zora Greaves
68%
No Set
Well-Worn Trousers
67.7%
No Set
Champion's Tunic
66.1%
Armor Set Head
Soldier's Helm
64.8%
Armor Set Head
Rubber Helm
64.3%
Armor Set Legs
Rubber Tights
63.2%
Armor Set Head
Flamebreaker Helm
63%
Armor Set Legs
Gerudo Sirwal
63%
Armor Set Chest
Soldier's Armor
62.4%
Armor Set Chest
Flamebreaker Armor
61.9%
Armor Set Legs
Flamebreaker Boots
61.6%
Armor Set Legs
Soldier's Greaves
61.6%
Armor Set Head
Barbarian Helm
61.1%
Armor Set Head
Climber's Bandana
61.1%
Armor Set Head
Gerudo Veil
61.1%
Armor Set Legs
Snowquill Trousers
61.1%
Armor Set Chest
Rubber Armor
60.8%
Armor Set Chest
Snowquill Tunic
60.1%
Armor Set Chest
Stealth Chest Guard
60.1%
Armor Set Legs
Climbing Boots
59.8%
Armor Set Legs
Stealth Tights
59.8%
Armor Set Chest
Climbing Gear
59.5%
No Set
Ruby Circlet
59.3%
Armor Set Head
Ancient Helm
59%
No Set
Diamond Circlet
58.2%
Type
% Correct
Armor Set Chest
Gerudo Top
58.2%
Armor Set Chest
Tunic of the Wild
58.2%
Armor Set Legs
Barbarian Leg Wraps
57.9%
Armor Set Legs
Desert Voe Trousers
57.9%
No Set
Sapphire Circlet
57.7%
Armor Set Head
Stealth Mask
57.7%
No Set
Thunder Helm
57.1%
No Set
Topaz Earrings
57.1%
Armor Set Chest
Barbarian Armor
57.1%
Armor Set Legs
Ancient Greaves
56.6%
Armor Set Head
Snowquill Headdress
56.3%
Armor Set Legs
Trousers of the Wild
56.3%
No Set
Amber Earrings
55.3%
No Set
Bokoblin Mask
55%
Armor Set Head
Cap of the Wild
54.8%
No Set
Moblin Mask
54.8%
No Set
Opal Earrings
54.8%
No Set
Lynel Mask
53.7%
No Set
Warm Doublet
53.7%
No Set
Sand Boots
53.7%
No Set
Snow Boots
53.7%
No Set
Lizalfos Mask
53.4%
Armor Set Chest
Ancient Cuirass
50.8%
Armor Set Chest
Dark Tunic
50.5%
Armor Set Legs
Dark Trousers
50%
Armor Set Head
Dark Hood
48.9%
Armor Set Legs
Radiant Tights
48.7%
Armor Set Head
Radiant Mask
48.1%
Armor Set Chest
Desert Voe Spaulder
48.1%
Armor Set Head
Desert Voe Headband
47.4%
Armor Set Chest
Radiant Shirt
47.1%
Quiz Playlist
Details
Report
Send in Message
Add To Playlist
Classic:
Type in answers that appear in a list
Quiz Source
Last Updated: Sep 19, 2017
Quiz Scoreboard
CHALLENGE
Sign Up to Join the Scoreboard
Show All
Scores
Hide
Comments
May contain spoilers
Recently Published
Presidents Visiting Landmarks
by Hejman
History
7m
An Introduction to Baseball
by treessimontrees
Sports
5m
Movies - When Are They Set?
by FPL_Elf
Movies
5m
More to Explore
Quiz From the Vault
Featured Blog Post
Where Did the Easter Bunny Come From?
hide this ad
You Might Also Like...
Tags
armor
breath
legend
Wild
Zelda
Today's Top Quizzes in Gaming
Browse Gaming
hide this ad
Today's Top Quizzes in breath
Browse breath
Top Contributed Quizzes in Gaming
1
5-to-1: Consoles
2
Destiny 2 exotic weapons by perk icons
3
7-to-1: Board Game Piece Blitz
4
5-to-1: Legend of Zelda
5
Ultimate Genshin Impact Logic Puzzle (up to 4.3)
6
Franchise by Action Figure
7
Overwatch Logic Puzzle
8
Who's on the WWE 2K24 Cover?
9
Genshin Impact Logic Puzzle Quiz
10
Windmill: Pokémon
Explore More
Trending Topics
NBA
Disney
Crossword
Anime
Harry Potter
Kpop
Marvel
Soccer
Song
Country
The Office
Puzzle
Pokémon
WWE
NFL
hide this ad
More By:
bowserjrdood
Quiz
Plays
Rating
Category
Featured
Created
Legend of Zelda Breath of the Wild Monsters
1,164
5.00
Gaming
Jul 2, 2017
Legend of Zelda Breath of the Wild Equipment
791
5.00
Gaming
Jul 2, 2017
Legend of Zelda Breath of the Wild Key Items
524
3.00
Gaming
Jul 3, 2017
Weapons in Splatoon 2
441
5.00
Gaming
Aug 5, 2017
Legend of Zelda Breath of the Wild Materials
396
5.00
Gaming
Jul 2, 2017
Go to Creator's Profile
Score Distribution
Quiz Creator Spotlight
bowserjrdood
Follow
Send a Message
Quizzes Created
-
Created Quiz Play Count
-
More By This Creator
Popular Quizzes Today
1
Find the US States - No Outlines Minefield
2
Find the Countries of Europe - No Outlines Minefield
3
The Countries of the World
4
Popular People in 1961
5
Find the US States
6
US States
7
Risky Map Clicking: Biggest States A-Z
8
1-10 Letter E Words III
More Gaming Quizzes
Fill the Clue Board
Editor's Pick
Trending Quizzes
Risky Map Clicking: Least Populous States A-Z
1-10 Letter G Words
1-10 Letter F Words
One Thing in Common: United Kingdom
Risky Map Clicking: Next State Alphabetically
Recently Updated
Leaping Animals
pecheneg
Reality TV Shows (A-Z)
bhenderson79
Rickey Henderson's Hall of Fame Teammates
pecheneg
Champions League XIs: Arsenal
pecheneg
Quick Pick: Celebrities in WWE's Hall of Fame
aduchscher
A-Z Keypad Blitz II
pecheneg
Multiple Oscar Actors
pecheneg
Mystery Phrase Blitz: Oscar 'Best Actors'
pecheneg
F. Scott Fitzgerald Novels
LTH
Pick 3 Villains
ddd62291
Trending Topics
Crossword
NBA
Harry Potter
Anime
Marvel
Kpop
Disney
The Office
Pokémon
Puzzle
NFL
Soccer
WWE
Country
Song
Your Account Isn't Verified!
In order to create a playlist on Sporcle, you need to verify the email address you used during registration. Go to your
Sporcle Settings
to finish the process.
Report this User
Report this user for behavior that violates our
Community Guidelines
.
Details:
Send Report
Go to the Sporcle.com Mobile Site →
Comments